| 000 | 00689nam a2200253 a 4500 | ||
|---|---|---|---|
| 003 | AR-BaBNM | ||
| 005 | 20251128204849.0 | ||
| 008 | 082120s2002 ||||||||||||||000 | spa|| | ||
| 020 | _a950-25-1404-1 | ||
| 040 | _cAR-BaBNM | ||
| 100 | 1 | _aDel Brutto, Bibiana | |
| 245 | 0 | 0 | _aPolítica municipal y participación |
| 260 |
_aBuenos Aires _bCentro Editor de América Latina _c1986 |
||
| 300 | _a112 p. | ||
| 490 | 0 |
_aBiblioteca política argentina _vv. 143 |
|
| 650 | 4 | _aHISTORIA ARGENTINA | |
| 650 | 4 | _aGOBIERNO MUNICIPAL | |
| 650 | 4 | _aSOCIOLOGIA POLITICA | |
| 650 | 4 | _aPOLITICA | |
| 651 | 4 | _aArgentina | |
| 800 | 1 |
_aTroncoso, Oscar _edirector |
|
| 942 | _cBK | ||
| 998 | _cEnrique | ||
| 999 |
_c9099 _d9099 |
||